Perfil del Docente de las Letras Básicas 011,012,013,014 y 015 en el Centro Universitario Regional de Nagua-CURNA. Semestre 2010-2 (Record no. 2937)

MARC details
000 -LEADER
campo de control de longitud fija 03006nam a2200541Ia 4500
001 - NÚMERO DE CONTROL
campo de control 3128
008 - DATOS DE LONGITUD FIJA--INFORMACIÓN GENERAL
campo de control de longitud fija 241029s9999 xx 000 0 und d
010 ## - NÚMERO DE CONTROL DE LA BIBLIOTECA DEL CONGRESO
Número de control de LC 2937
041 ## - CÓDIGO DE IDIOMA
Código de lengua del texto/banda sonora o título independiente Español
082 ## - NÚMERO DE LA CLASIFICACIÓN DECIMAL DEWEY
Número de clasificación NO APLICA
245 #0 - MENCIÓN DEL TÍTULO
Título Perfil del Docente de las Letras Básicas 011,012,013,014 y 015 en el Centro Universitario Regional de Nagua-CURNA. Semestre 2010-2
260 ## - PUBLICACIÓN, DISTRIBUCIÓN, ETC.
Lugar de publicación, distribución, etc. María Trinidad Sánchez
300 ## - DESCRIPCIÓN FÍSICA
Extensión 68
520 ## - RESUMEN, ETC.
Sumario, etc. 7
520 ## - RESUMEN, ETC.
Sumario, etc. La presente investigación se concibió con el propósito de describir el perfil de los docentes de Letras Básicas 011, 012, 013, 014 y 015 en el Centro Universitario Regional de Nagua (CURNA), Semestre Académico 2010-2.La metodología empleada es cuantitativa y el tipo de investigación descriptivo. Para la recolección de los datos se aplicó un cuestionario a los docentes, de entre quienes se tomó una muestra de dicha población.A partir de las informaciones obtenidas se concluyó que el mayor porcentaje de los docentes es de sexo masculino y la mayoría de estudiantes es femenino. Los docentes en su mayoría tienen edades entre 31-35 años y 36-40. Los estudiantes tienen edades entre 15-20 años en su mayoría. Todos los docentes son casados y la mayoría de los estudiantes solteros. Todos los docentes viven en zona urbana y la mayoría de los estudiantes viven en zona rural. La mayoría de los docentes tienen maestría y la mayoría de los estudiantes esta en cuarto semestre.El estudio recomendó a la Universidad Autónoma de Santo Domingo (UASD), que se aboque a describir el perfil de los docentes de las Letras Básicas, establecer un perfil para los estudiantes y docentes que ingresan a la carrera de Filosofía y Letras. Fortalecer las capacidades de investigación flexibilización y actualización auspiciando el paradigma de aprendizaje.A los docentes se recomendó orientarse hacia un objetivo, desarrollar su capacidad de aprender, preocuparse por la superación, desarrollar habilidades para planificar y desarrollar la creatividad.
630 ## - PUNTO DE ACCESO ADICIONAL DE MATERIA--TÍTULO UNIFORME
Título uniforme Lenguaje y Lenguas-Enseñanza
630 ## - PUNTO DE ACCESO ADICIONAL DE MATERIA--TÍTULO UNIFORME
Título uniforme Perfil Docente
650 ## - PUNTO DE ACCESO ADICIONAL DE MATERIA--TÉRMINO DE MATERIA
Término de materia o nombre geográfico como elemento de entrada Lengua Española
690 ## - PUNTO DE ACCESO ADICIONAL DE MATERIA LOCAL--TÉRMINO DE MATERIA (OCLC, RLIN)
Término de materia o nombre geográfico como elemento inicial Elaborado
700 ## - ENTRADA AGREGADA--NOMBRE PERSONAL
Término indicativo de función/relación asesor
Nombre de persona Mena, Alma
700 ## - ENTRADA AGREGADA--NOMBRE PERSONAL
Término indicativo de función/relación autor
Nombre de persona García Reynoso, Evelyn
700 ## - ENTRADA AGREGADA--NOMBRE PERSONAL
Término indicativo de función/relación autor
Nombre de persona Espino Devers, Ana Licia
901 ## - ELEMENTOS DE DATOS A LOCAL LDA (RLIN)
a {"1":" García Reynoso","2":"Espino Devers"}
b {"1":"Evelyn","2":"Ana Licia "}
902 ## - ELEMENTOS DE DATOS B LOCAL, LDB (RLIN)
a 1
903 ## - ELEMENTOS DE DATOS C LOCAL, LDC (RLIN)
a {"1":"Mena"}
b {"1":"Alma "}
904 ## - ELEMENTOS DE DATOS D LOCAL, LDD (RLIN)
a Maestría en
905 ## - ELEMENTOS DE DATOS E LOCAL, LDE (RLIN)
a Educación Superior
906 ## - ELEMENTOS DE DATOS F LOCAL, LDF (RLIN)
a 2
907 ## - ELEMENTOS DE DATOS G LOCAL, LDG (RLIN)
a NO APLICA
908 ## - COLOCAR PARÁMETRO DE COMANDO (RLIN)
Colocar parámetro de comando NO APLICA
909 ## -
-- Universidad Autónoma de Santo Domingo (UASD)
910 ## - DATOS DE OPCIÓN DEL USUARIO (OCLC)
Datos de opción del usuario NULL
-- NULL
911 ## - EQUIVALENCIA O REFERENCIA-CRUZADA-NOMBRE DE CONFERENCIA O REUNIÓN/CONGRESO [LOCAL, CANADÁ]
Nombre de congreso/reunión o jurisdicción como elemento de entrada ["1"]
912 ## -
-- NO APLICA
913 ## -
-- NULL
914 ## -
-- 01 de Septiembre de 2011
915 ## -
-- NULL
916 ## -
-- NULL
917 ## -
-- NULL
918 ## -
-- NO APLICA
919 ## -
-- ["130","156"]
921 ## -
-- 28
922 ## -
-- 28
923 ## -
-- 0
924 ## -
-- NO APLICA
942 ## - ELEMENTOS DE ENTRADA SECUNDARIOS (KOHA)
Tipo de ítem Koha

No items available.

© 2024. Todos los Derechos Reservados. Desarrollado por IDEICE